<?xml version="1.0" encoding="UTF-8"?>
<collection xmlns="http://www.loc.gov/MARC21/slim">
  <record>
    <leader>00000nam  2200000   4500</leader>
    <controlfield tag="001">INLIS000000000020674</controlfield>
    <controlfield tag="005">20250729025409</controlfield>
    <datafield tag="035" ind1="#" ind2="#">
      <subfield code="a">0010-0725000204</subfield>
    </datafield>
    <controlfield tag="007">ta</controlfield>
    <controlfield tag="008">250729################|##########|#|##</controlfield>
    <datafield tag="084" ind1="#" ind2="#">
      <subfield code="a">R 0033 PKA 2024</subfield>
    </datafield>
    <datafield tag="100" ind1=" " ind2="#">
      <subfield code="a">Sari Ekawati</subfield>
    </datafield>
    <datafield tag="245" ind1="1" ind2="#">
      <subfield code="a">Pemantauan dan Evaluasi Kinerja Penyelengaraan Pelayanan Publik Pemerintah Kabupaten Natuna /</subfield>
      <subfield code="c">Sari Ekawati</subfield>
    </datafield>
    <datafield tag="260" ind1="#" ind2="#">
      <subfield code="a">Jakarta :</subfield>
      <subfield code="b">Pusbangkom Pimnas dan Manajerial ASN,</subfield>
      <subfield code="c">2024</subfield>
    </datafield>
    <datafield tag="300" ind1="#" ind2="#">
      <subfield code="a">35 hlm. ;</subfield>
      <subfield code="c">30 cm</subfield>
    </datafield>
    <datafield tag="650" ind1="#" ind2="4">
      <subfield code="a">Pelayanan Publik</subfield>
    </datafield>
    <datafield tag="520" ind1="#" ind2="#">
      <subfield code="a">Reformasi Birokrasi merupakan sebuah kebutuhan di tengah dinamika kompleksitas global yang menyebabkan tuntutan masyarakat yang semakin tinggi. Tata kelola pemerintah yang baik adalah prasyarat utama pembangunan nasional. Kualitas tata kelola pemerintahan sangat mempengaruhi pelaksanaan program program pembangunan nasional. Kondisi yang diharapkan dengan adanya regulasi tentang pemantauan dan evaluasi kinerja penyelenggaraan pelayanan publik di pemerintah kabupaten natuna dapat meningkatkan kepuasan dan kepercayaan masyarakat terhadap layanan yang diberikan oleh pemerintah dan unit kerja terkait</subfield>
    </datafield>
    <datafield tag="990" ind1="#" ind2="#">
      <subfield code="a">2024/1.2.3/A/0033</subfield>
    </datafield>
  </record>
</collection>
